Nennen Sie alles, was wir im Weltraum sehen können - Statistiken

Allgemein
  • Dieses Quiz wurde 230 mal gespielt
  • Das Durchschnittsergebnis liegt bei 10 aus 16
Antwortstatistiken
Antwort % Korrekt
Stern
90%
Mond
87%
Sonne
84%
Mars
72%
Venus
71%
Saturn
71%
Jupiter
68%
Merkur
67%
Neptun
67%
Uranus
65%
Pluto
62%
Planet
60%
Erde
53%
Milchstraße
42%
Himmelskörper
3%
Exoplanet
1%
Keine übereinstimmenden Quizze gefunden
Verteilung der Resultate
Anzahl Personen mit jedem Resultat
Perzentil nach korrekt beantworteten Fragen
Ihre Resultats-Entwicklung
Sie haben dieses Quiz noch nicht gespielt